All Senators From Arizona - Statistics

General Stats
  • This quiz has been taken 55 times
    24 since last reset
  • The average score is 8 of 15
Answer Stats
Years Party Senator % Correct
2020- Democratic Mark Kelly
100%
1987-2018 Republican John McCain
95%
2019-2025 Democratic Kyrsten Sinema
90%
2025- Democratic Ruben Gallego
90%
2013-2019 Republican Jeff Flake
70%
2019-2020 Republican Martha McSally
65%
1953-1965; 1969-1987 Republican Barry Goldwater
60%
1995-2013; 2018 Republican Jon Kyl
50%
1927-1969 Democratic Carl Hayden
40%
1977-1995 Democratic Dennis DeConcini
35%
1965-1977 Republican Paul Fannin
35%
1941-1953 Democratic Ernest McFarland
30%
1912-1941 Democratic Henry F. Ashurst
25%
1912-1921 Democratic Marcus A. Smith
25%
1921-1927 Republican Ralph H. Cameron
25%
No matching quizzes found
Score Distribution
Percent of People with Each Score
Percentile by Number Answered
Your Score History
You have not taken this quiz since the last reset